| 000 | 00341nam a2200133Ia 4500 | ||
|---|---|---|---|
| 008 | 240624s9999 xx 000 0 und d | ||
| 041 | _aeng | ||
| 082 | _a519.5 VER | ||
| 100 | _aVERMA A P | ||
| 245 | _aBUSINESS MATHEMATICS AND STATISTICS | ||
| 260 |
_c2002 _aNew Delhi _bAsian Books |
||
| 300 | _aviii, : 1068 : p. : cm. ; 24 | ||
| 365 |
_cRS _b25 |
||
| 999 |
_c276 _d276 |
||